[Event "Wch U18 Girls"]
[Site "Montesilvano"]
[Date "2023.11.23"]
[Round "10"]
[White "Saraci, Rinesa"]
[Black "Nielsen Refs, Ingrid Elmer"]
[Result "1-0"]
[WhiteElo "1481"]
[BlackElo "1676"]
[PlyCount "143"]
[EventDate "2023.11.13"]
[EventType "swiss"]
[EventRounds "11"]
[EventCountry "ITA"]
[SourceTitle "CB48_2023"]
[SourceDate "2023.11.29"]
[SourceVersion "1"]
[SourceVersionDate "2023.11.29"]
[SourceQuality "1"]

1. d4 Nf6 2. Bf4 d5 3. e3 e6 4. c3 Bd6 5. Bg3 c5 6. Nd2 0-0 7. Bd3 Qc7 8. Ngf3 Nbd7 9. Bxd6 Qxd6 10. 0-0 b6 11. Re1 Bb7 12. e4 dxe4 13. Nxe4 Nxe4 14. Bxe4 Bxe4 15. Rxe4 Nf6 16. Re2 Rfd8 17. Qc2 cxd4 18. Nxd4 Nd5 19. Rd2 Qf4 20. Rad1 Re8 21. Nf3 Rac8 22. Rd4 Qc7 23. Ng5 g6 24. Qe4 Nf6 25. Qf3 Qe5 26. h4 Rc7 27. Rf4 Kg7 28. Rd3 Qe1+ 29. Kh2 h6 30. Re3 Qb1 31. Nxe6+ fxe6 32. Rxf6 Qxa2 33. Re2 Qc4 34. Rf4 Qc6 35. Qe3 Qd6 36. g3 Rce7 37. Rd4 Qc5 38. Qd3 Qf5 39. Qe3 Qc5 40. Qd3 Qf5 41. Rde4 g5 42. Qe3 Kg6 43. Re5 Qf6 44. Qe4+ Kg7 45. Qg4 Kf7 46. hxg5 hxg5 47. Qxg5 Rh8+ 48. Kg2 Qxg5 49. Rxg5 Kf6 50. Rge5 Rd8 51. f4 Rde8 52. Kf3 a6 53. g4 a5 54. f5 exf5 55. Rxf5+ Kg6 56. Rxe7 Rxe7 57. Rd5 Rf7+ 58. Ke4 Rf2 59. Rd6+ Kg5 60. Rxb6 Kxg4 61. Kd4 Rf4+ 62. Kc5 Rf2 63. Kc4 Kf4 64. Rf6+ Ke3 65. Rxf2 Kxf2 66. Kb5 Ke3 67. Kxa5 Ke4 68. b4 Kd5 69. Kb6 Kd6 70. c4 Kd7 71. Kb7 Kd6 72. c5+ 1-0

[Event "Wch U18 Girls"]
[Site "Montesilvano"]
[Date "2023.11.17"]
[Round "5"]
[White "Nielsen Refs, Ingrid Elmer"]
[Black "Gavrileva, Anna"]
[Result "1-0"]
[WhiteElo "1676"]
[BlackElo "1316"]
[PlyCount "59"]
[EventDate "2023.11.13"]
[EventType "swiss"]
[EventRounds "11"]
[EventCountry "ITA"]
[SourceTitle "CB48_2023"]
[SourceDate "2023.11.29"]
[SourceVersion "1"]
[SourceVersionDate "2023.11.29"]
[SourceQuality "1"]

1. d4 d5 2. c4 e6 3. Nf3 c6 4. e3 Nf6 5. b3 Nbd7 6. Bb2 Bd6 7. Bd3 0-0 8. Qc2 Re8 9. Ne5 Bb4+ 10. Nd2 h6 11. 0-0 Nxe5 12. dxe5 Nd7 13. Rad1 Qc7 14. f4 b6 15. Rf3 Bb7 16. cxd5 Nc5 17. dxe6 Nxe6 18. Ne4 Rad8 19. Rg3 c5 20. Nf6+ Kf8 21. Nxe8 Rxe8 22. f5 Nd8 23. a3 Bxa3 24. Bxa3 Rxe5 25. Bb2 Re7 26. Bxg7+ Ke8 27. Bxh6 Bc6 28. Rg8+ Kd7 29. Bb5+ Kc8 30. Rdxd8+ 1-0

[Event "DEN-ch KP Gr2"]
[Site "Svendborg"]
[Date "2023.04.05"]
[Round "2"]
[White "Larsen, Rune1111"]
[Black "Nielsen Refs, Ingrid Elmer"]
[Result "0-1"]
[WhiteElo "1466"]
[BlackElo "1645"]
[PlyCount "90"]
[EventDate "2023.04.05"]
[EventType "swiss"]
[EventRounds "5"]
[EventCountry "DEN"]
[SourceTitle "CBM 213 Extra"]
[Source "ChessBase"]
[SourceDate "2023.05.31"]
[SourceVersion "1"]
[SourceVersionDate "2023.05.31"]
[SourceQuality "1"]

1. Nf3 Nf6 2. g3 d5 3. Bg2 e6 4. b3 c5 5. Bb2 Be7 6. 0-0 0-0 7. d3 Nc6 8. Nbd2 Qc7 9. e4 d4 10. Rc1 e5 11. a3 Rd8 12. Qe2 Bg4 13. h3 Bd7 14. c3 dxc3 15. Rxc3 Nd4 16. Nxd4 exd4 17. Rc2 Bc6 18. Rfc1 Qd7 19. Nc4 Qe6 20. f4 Nd7 21. f5 Qf6 22. Qd2 Ne5 23. Na5 Rac8 24. Nxc6 Nxc6 25. Qd1 Bd6 26. Qe1 b6 27. b4 Be7 28. Qf1 Ne5 29. Qd1 Qg5 30. Kh2 Rc6 31. Bf1 Rh6 32. Rb1 Ng4+ 33. Kh1 Ne3 34. Bc1 Qxg3 35. Bxe3 Qxe3 36. bxc5 Bxc5 37. Re2 Qf3+ 38. Bg2 Rxh3+ 39. Kg1 Qg3 40. Kf1 Rh2 41. a4 h6 42. e5 Re8 43. a5 Rxe5 44. Rf2 Rxf5 45. Rbb2 Qxg2+ 0-1

[Event "DEN-ch U16 rapid"]
[Site "Odense"]
[Date "2020.11.20"]
[Round "3"]
[White "Liu, Casper Yukun"]
[Black "Nielsen Refs, Ingrid Elmer"]
[Result "1-0"]
[WhiteElo "2145"]
[BlackElo "1521"]
[PlyCount "71"]
[EventDate "2020.11.20"]
[EventType "tourn"]
[EventRounds "5"]
[EventCountry "DEN"]
[SourceTitle "EXT 2024"]
[Source "ChessBase"]
[SourceDate "2023.10.10"]
[SourceVersion "1"]
[SourceVersionDate "2023.10.10"]
[SourceQuality "1"]

1. d4 d5 2. Bf4 Nf6 3. e3 e6 4. Nf3 c5 5. c3 Nc6 6. Nbd2 a6 7. Bd3 Be7 8. Ne5 Nxe5 9. dxe5 Nd7 10. Qg4 g6 11. h4 f5 12. Qg3 Nf8 13. Nf3 h6 14. 0-0-0 b5 15. Kb1 Rb8 16. e4 b4 17. c4 d4 18. exf5 exf5 19. e6 Rb7 20. Rhe1 Qb6 21. Ne5 Bxe6 22. Nxg6 Rg8 23. h5 Bf7 24. Nxe7 Rxe7 25. Rxe7+ Kxe7 26. Re1+ Kd8 27. Qh4+ Kc8 28. Bxf5+ Be6 29. Rxe6 Nxe6 30. Qe7 Rxg2 31. Bxe6+ Qxe6 32. Qxe6+ Kd8 33. Qd5+ Ke7 34. Bd6+ Kf6 35. Qxg2 d3 36. Qg6# 1-0

[Event "EU-ch U14 Girls"]
[Site "Bratislava"]
[Date "2019.08.05"]
[Round "4"]
[White "Nielsen Refs, Ingrid Elmer"]
[Black "Bashylina, Luisa"]
[Result "0-1"]
[WhiteElo "1593"]
[BlackElo "1989"]
[PlyCount "108"]
[EventDate "2019.08.02"]
[EventType "swiss"]
[EventRounds "9"]
[EventCountry "SVK"]
[SourceTitle "EXT 2020"]
[Source "ChessBase"]
[SourceDate "2019.10.17"]
[SourceVersion "1"]
[SourceVersionDate "2019.10.17"]
[SourceQuality "1"]

1. d4 Nf6 2. c4 g6 3. Nc3 Bg7 4. e4 d6 5. Nf3 0-0 6. Be2 Bg4 7. Be3 Nfd7 8. Ng1 Bxe2 9. Ngxe2 c5 10. d5 Ne5 11. b3 Na6 12. h3 Nc7 13. Rc1 a6 14. f4 Nd7 15. Ng3 b5 16. Qf3 bxc4 17. bxc4 Rb8 18. Qe2 Rb4 19. Nd1 e6 20. 0-0 exd5 21. exd5 Re8 22. Qd2 f5 23. Bf2 Nf6 24. Qd3 Ne4 25. Be1 Rb8 26. Nc3 Nxg3 27. Bxg3 Rb2 28. Rc2 Rxc2 29. Qxc2 Qf6 30. Na4 Qd4+ 31. Kh1 Qe3 32. Rf3 Qe4 33. Qd3 Rb8 34. Re3 Qxd3 35. Rxd3 Rb4 36. Ra3 Rxc4 37. Nb6 Rb4 38. Nc8 Bf8 39. Rd3 c4 40. Rd4 Rb1+ 41. Kh2 c3 42. Bf2 c2 43. Be3 c1Q 44. Bxc1 Rxc1 45. Nb6 Bg7 46. Rd3 Rc3 47. Rd2 Bh6 48. g3 Kf7 49. Nc8 Bf8 50. a4 Rc4 51. Nb6 Rb4 52. a5 Rb5 53. Kg2 Rxa5 54. Kf2 Rb5 0-1

[Event "Nordic Chess-ch U16 Girls"]
[Site "Koge"]
[Date "2019.04.28"]
[Round "4"]
[White "Kongskov, Andrea"]
[Black "Nielsen Refs, Ingrid Elmer"]
[Result "1/2-1/2"]
[WhiteElo "1418"]
[BlackElo "1443"]
[PlyCount "73"]
[EventDate "2019.04.26"]
[EventType "swiss"]
[EventRounds "5"]
[EventCountry "DEN"]
[SourceTitle "EXT 2020"]
[Source "ChessBase"]
[SourceDate "2019.10.17"]
[SourceVersion "1"]
[SourceVersionDate "2019.10.17"]
[SourceQuality "1"]

1. d4 d5 2. e3 a6 3. Bd3 e6 4. Nd2 Nf6 5. f4 c5 6. c3 Nc6 7. Ngf3 b6 8. Ne5 Bb7 9. Ndf3 h6 10. Nxc6 Bxc6 11. Ne5 Bb7 12. f5 exf5 13. Bxf5 Bd6 14. Nd3 0-0 15. 0-0 Qc7 16. h3 Ne4 17. Bxe4 dxe4 18. Nf4 Rfe8 19. Qg4 Bxf4 20. exf4 cxd4 21. cxd4 Re6 22. f5 Rf6 23. Bf4 Qc6 24. Be5 e3 25. Rac1 Qe4 26. Qxe4 Bxe4 27. Bxf6 gxf6 28. Rf4 Bd5 29. a3 Kh7 30. Rg4 h5 31. Rf4 Rg8 32. g4 Kh6 33. Kh2 Kg5 34. Rff1 hxg4 35. hxg4 Rh8+ 36. Kg3 Rh4 37. Rf4 1/2-1/2

[Event "Nordic Chess-ch U16 Girls"]
[Site "Koge"]
[Date "2019.04.27"]
[Round "2"]
[White "Norlamo, Sarabella"]
[Black "Nielsen Refs, Ingrid Elmer"]
[Result "1-0"]
[WhiteElo "1794"]
[BlackElo "1443"]
[PlyCount "49"]
[EventDate "2019.04.26"]
[EventType "swiss"]
[EventRounds "5"]
[EventCountry "DEN"]
[SourceTitle "EXT 2020"]
[Source "ChessBase"]
[SourceDate "2019.10.17"]
[SourceVersion "1"]
[SourceVersionDate "2019.10.17"]
[SourceQuality "1"]

1. e4 c5 2. Nf3 e6 3. Nc3 Nc6 4. Be2 a6 5. 0-0 b5 6. d4 cxd4 7. Nxd4 Bb7 8. Kh1 Nf6 9. Nxc6 Bxc6 10. e5 Nd5 11. Nxd5 Bxd5 12. f4 Bc5 13. Qe1 0-0 14. Bd3 f5 15. exf6 Rxf6 16. f5 Qe8 17. Bg5 Rf8 18. Qh4 h6 19. f6 h5 20. fxg7 Rf7 21. Bf6 Be7 22. Qxh5 Bxg2+ 23. Kg1 Bc5+ 24. Qxc5 Bxf1 25. Bh7+ 1-0

[Event "DEN-ch Kort 1-2"]
[Site "Svendborg"]
[Date "2019.04.14"]
[Round "2"]
[White "Nielsen Refs, Ingrid Elmer"]
[Black "Aggerbeck Lauritzen, Nikolaj"]
[Result "1-0"]
[WhiteElo "1443"]
[BlackElo "1434"]
[PlyCount "117"]
[EventDate "2019.04.13"]
[EventType "swiss"]
[EventRounds "5"]
[EventCountry "DEN"]
[SourceTitle "EXT 2020"]
[Source "ChessBase"]
[SourceDate "2019.10.17"]
[SourceVersion "1"]
[SourceVersionDate "2019.10.17"]
[SourceQuality "1"]

1. d4 Nf6 2. c4 e6 3. Nc3 Bb4 4. Bg5 h6 5. Bh4 Bxc3+ 6. bxc3 b6 7. e3 Ba6 8. Nf3 d5 9. Qb3 dxc4 10. Bxc4 Bb7 11. Qd1 0-0 12. 0-0 Nbd7 13. Qe2 Qc8 14. Nd2 a6 15. Rac1 b5 16. Bb3 Bd5 17. c4 bxc4 18. Bxc4 Bxc4 19. Qxc4 Ra7 20. Bg3 Qb7 21. Qxc7 Qxc7 22. Rxc7 Rxc7 23. Bxc7 Rc8 24. Ba5 Rc2 25. a3 Ra2 26. Bb4 Nd5 27. Ne4 Nxb4 28. axb4 Rb2 29. Nc5 Nxc5 30. bxc5 Kf8 31. Ra1 Rb8 32. Kf1 Ra8 33. Ra5 Ke7 34. Ke2 Kd7 35. e4 Kc6 36. Kd3 f6 37. Kc4 Kb7 38. d5 Re8 39. d6 Rd8 40. f4 Ra8 41. f5 exf5 42. exf5 Kc6 43. Ra2 a5 44. Rb2 Ra6 45. Rd2 Ra8 46. d7 Rd8 47. Rd6+ Kc7 48. Kb5 Rb8+ 49. Kxa5 Kd8 50. Rb6 Ra8+ 51. Ra6 Rb8 52. c6 Kc7 53. Rb6 Ra8+ 54. Kb5 Kd6 55. Rb7 Ke7 56. c7 Kxd7 57. Rb8 Kxc7 58. Rxa8 Kd6 59. Re8 1-0